| 000 | 01125nam a2200313Ia 4500 | ||
|---|---|---|---|
| 001 | ebr10275633 | ||
| 003 | CaPaEBR | ||
| 006 | m u | ||
| 007 | cr cn||||||||| | ||
| 008 | 080725s2008 inu s 001 0 eng d | ||
| 010 | _z 2008033212 | ||
| 020 | _z9780470257012 | ||
| 040 |
_aCaPaEBR _cCaPaEBR |
||
| 035 | _a(OCoLC)646796122 | ||
| 050 | 1 | 4 |
_aQA76.9.D3 _bV5254 2008eb |
| 082 | 0 | 4 |
_a005.75/85 _222 |
| 100 | 1 | _aVieira, Robert. | |
| 245 | 1 | 0 |
_aBeginning Microsoft SQL Server 2008 programming _h[electronic resource] / _cRobert Vieira. |
| 260 |
_aIndianapolis, IN : _bWiley Pub., _c2008. |
||
| 300 | _a682 p. | ||
| 500 | _aIncludes index. | ||
| 533 |
_aElectronic reproduction. _bPalo Alto, Calif. : _cebrary, _d2009. _nAvailable via World Wide Web. _nAccess may be limited to ebrary affiliated libraries. |
||
| 630 | 0 | 0 | _aSQL server. |
| 650 | 0 | _aDatabase management. | |
| 650 | 0 | _aRelational databases. | |
| 655 | 7 |
_aElectronic books. _2local |
|
| 710 | 2 | _aebrary, Inc. | |
| 856 | 4 | 0 |
_uhttp://site.ebrary.com/lib/rucke/Doc?id=10275633 _zAn electronic book accessible through the World Wide Web; click to view |
| 999 |
_c6002 _d6002 |
||